Treinta y tres años de vida internacional / (Record no. 144662)

MARC details
000 -LEADER
campo de control de longitud fija 00977nam a2200229 4500
001 - NÚMERO DE CONTROL
campo de control 144662
003 - IDENTIFICADOR DE NÚMERO DE CONTROL
campo de control ES-MaACL
005 - FECHA Y HORA DE LA ÚLTIMA TRANSACCIÓN
campo de control 20230906201053.0
007 - CAMPO FIJO DE DESCRIPCIÓN FÍSICA--INFORMACIÓN GENERAL
campo de control de longitud fija t|
008 - DATOS DE LONGITUD FIJA--INFORMACIÓN GENERAL
campo de control de longitud fija 070214s1966 sp r ||||1| spa d
110 2# - ENTRADA PRINCIPAL--NOMBRE DE ENTIDAD CORPORATIVA
Nombre de entidad corporativa o nombre de jurisdicción como elemento de entrada Curso de Altos Estudios Internacionales (
Sede del congreso/Lugar de la reunión Madrid (
Fecha del congreso o de la firma del tratado 1966).
Número del congreso/reunión o número de parte o sección 13ª)
9 (RLIN) 221039
245 10 - MENCIÓN DEL TÍTULO
Título Treinta y tres años de vida internacional /
Mención de responsabilidad, etc. José María Cordero Torres. Estrategia nuclear y relaciones internacionales / por Jesús Salgado Alba.
260 ## - PUBLICACIÓN, DISTRIBUCIÓN, ETC.
Lugar de publicación, distribución, etc. Madrid :
Nombre del editor, distribuidor, etc. Sociedad de Estudios Internacionales,
Fecha de publicación, distribución, etc. 1966.
300 ## - DESCRIPCIÓN FÍSICA
Extensión 125 p. ;
Dimensiones 20 cm.
500 ## - NOTA GENERAL
Nota general Precede al tít.: Inauguración del XIII Curso. Sociedad de Estudios Internacionales.
700 1# - ENTRADA AGREGADA--NOMBRE PERSONAL
Nombre de persona Cordero Torres, José María,
Fechas asociadas al nombre 1909-1977
9 (RLIN) 40527
700 1# - ENTRADA AGREGADA--NOMBRE PERSONAL
Nombre de persona Salgado Alba, Jesús.
9 (RLIN) 101899
710 2# - ENTRADA AGREGADA--NOMBRE DE ENTIDAD CORPORATIVA
Nombre de entidad corporativa o nombre de jurisdicción como elemento de entrada Sociedad de Estudios Internacionales.
9 (RLIN) 6668
740 0# - ENTRADA AGREGADA--TÍTULO RELACIONADO/ANALÍTICO NO CONTROLADO
Título relacionado o analítico no controlado Estrategia nuclear y relaciones internacionales.
852 ## - LOCALIZACIÓN
Ubicación ES-MaACL
Número de control de estantería C-30803
Sublocalización o colección R.61513
Holdings
Estatus retirado Estado de pérdida Estado de daño No para préstamo Biblioteca de origen Biblioteca actual Ubicación en estantería Fecha de adquisición Fuente de adquisición Total de préstamos Signatura topográfica completa Código de barras Visto por última vez Precio de reemplazo Tipo de ítem Koha
        Biblioteca del Ateneo de Madrid Biblioteca del Ateneo de Madrid Depósito 2 17/01/2008     C-30803 1150819 23/02/2023 23/02/2023 Libro impreso